Alle deutschen Städte mit J - Statistiken

Allgemein
  • Dieses Quiz wurde 747 mal gespielt
  • Das Durchschnittsergebnis liegt bei 5 aus 11
Antwortstatistiken
Einwohner Stadt BL % Korrekt
110.731 Jena TH
98%
32.336 Jülich NW
76%
14.562 Jever NI
65%
6.787 Jerichow ST
52%
12.423 Jüterbog BB
49%
23.516 Jüchen NW
43%
14.074 Jessen (Elster) ST
40%
3.879 Johanngeorgenstadt SN
32%
2.941 Jarmen MV
26%
3.414 Joachimsthal BB
18%
2.569 Jöhstadt SN
15%
Keine übereinstimmenden Quizze gefunden
Verteilung der Resultate
Anzahl Personen mit jedem Resultat
Perzentil nach korrekt beantworteten Fragen
Ihre Resultats-Entwicklung
Sie haben dieses Quiz noch nicht gespielt